| 000 | 00000nam 2200000za 4500 |
| 001 | 9.605612 |
| 003 | CaOODSP |
| 005 | 20210624212214 |
| 007 | cr ||||||||||| |
| 008 | 150406|1989||||xxc|||||o f|0| 0 fre d |
| 040 | |aCaOODSP|bfre |
| 043 | |an-cn--- |
| 086 | 1 |aJS74-3/3-1989F-PDF |
| 245 | 00|aRenvoi pour raisons médicales |h[ressource électronique] : |bune optique policière. |
| 260 | |aOttawa : |bComité externe d'examen de la Gendarmerie royale du Canada, |cc1989. |
| 300 | |a49 p. |
| 490 | 1 |aDocument de recherche ; |v3 |
| 500 | |aLe n° de cat. (JS74-3/1-3) et l'ISBN (0-662-56719-6) imprimés dans cette publication sont incorrects. |
| 590 | |a13-11-Supp|b2013-04-26 |
| 710 | 1 |aCanada. |bComité externe d'examen de la Gendarmerie royale du Canada. |
| 775 | 08|tMedical discharge |w(CaOODSP)9.576404 |
| 830 | #0|aDocument de recherche (Comité externe d'examen de la Gendarmerie royale du Canada)|v3|w(CaOODSP)9.503864 |
| 856 | 40|ahttp://publications.gc.ca|qPDF|s130 Ko|uhttps://publications.gc.ca/collections/collection_2013/cee-erc/JS74-3-3-1989-fra.pdf|y3 |